• 首页
  • 本馆介绍
  • 公告通知
  • 最新文献
  • 馆藏检索
  • 电子资源
  • 读者导购
  • 参考咨询
  • 我的图书馆
  • 登录
  • 详细信息显示
  • 放入我的书架
  • 预约/预借图书
  • 作者相关作品
  • 分类相关作品
  • 丛书相关作品
  • 出版社相关作品

书目信息

  • 表格格式
  • 工作单格式
  • 卡片格式
题名:
成功没有偶然 奋斗成就梦想
    
 
作者: 史明清 主编
分册:  
出版信息: 北京   中国轻工业出版社  2018
页数: 197页
开本: 24cm
丛书名:
单 册:
中图分类: I253.4
科图分类:
主题词: 纪实文学--作品集--中国--当代 , 职业大学--毕业生--创业--案例--长沙
电子资源:
ISBN: 978-7-5184-2059-9
000 00965nam0 2200241 450
001 012001002299
005 20130122171446.0
010    @a978-7-5184-2059-9@dCNY39.00
100    @a20190109d2018 em y0chiy50 ea
101 0  @achi
102    @aCN@b110000
105    @aa z 000zd
106    @ar
200 1  @a成功没有偶然 奋斗成就梦想@9cheng gong mei you ou ran fen dou cheng jiu meng xiang@e湖南生物机电职业技术学院校友创新创业典型案例集@f史明清主编
210    @a北京@c中国轻工业出版社@d2018
215    @a197页@c图,照片@d24cm
330    @a本书收录35位湖南生物机电职业技术学院校友创新创业典型案例,35位校友大多有着以下的共同特质:来自农村,家庭困难,学习努力,担任学生干部,大部分入党,毕业后就业再创业,始终关心关注学院发展。
606 0  @a纪实文学@x作品集@y中国@z当代
606 0  @a职业大学@x毕业生@x创业@x案例@y长沙
690    @aI253.4@v5
701  0 @a史明清@9shi ming qing@4主编
801  0 @aCN@b江苏凤凰@c20191020
905    @b1215488-91@dI253.4@e1129@f4
    
    成功没有偶然 奋斗成就梦想:湖南生物机电职业技术学院校友创新创业典型案例集/史明清主编.-北京:中国轻工业出版社,2018
    197页:图,照片;24cm
    
    
    ISBN 978-7-5184-2059-9:CNY39.00
    本书收录35位湖南生物机电职业技术学院校友创新创业典型案例,35位校友大多有着以下的共同特质:来自农村,家庭困难,学习努力,担任学生干部,大部分入党,毕业后就业再创业,始终关心关注学院发展。
●
相关链接 在E读中查询图书 在五车中查询图书 在当当中查询图书 在豆瓣中查询图书


正题名:成功没有偶然 奋斗成就梦想     索取号:I253.4/1129         预约/预借

序号 登录号 条形码 馆藏地/架位号 状态 备注
1 1215488   212154880   第一样本阅览室/ [索取号:I253.4/1129] 在馆    
2 1215489   212154899   教育系资料室/ [索取号:I253.4/1129] 在馆    
3 1215490   212154906   教育系资料室/ [索取号:I253.4/1129] 在馆    
4 1215491   212154915   教育系资料室/ [索取号:I253.4/1129] 在馆    
唐山师范学院图书馆 欢迎您!
大连网信软件有限公司© 版权所有